Statistics for Pokemon Leagues

Click here to take the quiz!

General Stats

  • This quiz has been taken 13 times
  • The average score is 3 of 8

Answer Stats

Answer% Correct
Indigo League
82%
Unova League
55%
Hoenn League
45%
Sinnoh League
45%
Alola League
36%
Kalos League
36%
Galar League
18%
Orange League
18%

Score Distribution

Percentile by Number Answered

Percent of People with Each Score

Your Score History

You have not taken this quiz